Countries with 'UA' Quiz Stats

Quiz Updated Dec 31, 2017

Challenge
Share
Tweet
Embed
Score 0/10 Timer 03:00
2 Plays Today
% Correct
Uruguay
70.3%
Paraguay
69.4%
Guatemala
65.7%
Nicaragua
57.2%
Papua New Guinea
52.4%
Vanuatu
46%
Antigua and Barbuda
45%
Ecuador
41%
Lithuania
31.5%
Equatorial Guinea
30.3%

You're not logged in!

Compare scores with friends on all Sporcle quizzes.
Sign Up with Email
OR
Log In

You Might Also Like...

Show Comments

Extras

Top Quizzes Today


Score Distribution

Your Account Isn't Verified!

In order to create a playlist on Sporcle, you need to verify the email address you used during registration. Go to your Sporcle Settings to finish the process.

Report this User

Report this user for behavior that violates our Community Guidelines.

Details: